Statistics for Name Every Major American Sports Team

Click here to take the quiz!

General Stats

  • This quiz has been taken 19 times
  • The average score is 103 of 124

Answer Stats

Answer% Correct
Celtics
100%
Chiefs
100%
Lakers
100%
Mets
100%
Patriots
100%
Warriors
100%
76ers
94%
Bears
94%
Bruins
94%
Bucks
94%
Cardinals
94%
Cardinals
94%
Colts
94%
Commanders
94%
Dolphins
94%
Eagles
94%
Giants
94%
Giants
94%
Jazz
94%
Knicks
94%
Maple Leafs
94%
Mavericks
94%
Nuggets
94%
Packers
94%
Raiders
94%
Reds
94%
Suns
94%
Vikings
94%
Bengals
88%
Bills
88%
Blue Jays
88%
Broncos
88%
Browns
88%
Bulls
88%
Cavaliers
88%
Grizzlies
88%
Hawks
88%
Heat
88%
Hurricanes
88%
Islanders
88%
Jets
88%
Jets
88%
Kings
88%
Kings
88%
Lions
88%
Nets
88%
Panthers
88%
Panthers
88%
Pelicans
88%
Penguins
88%
Rams
88%
Rams
88%
Rangers
88%
Rangers
88%
Ravens
88%
Red Sox
88%
Rockets
88%
Saints
88%
Seahawks
88%
Spurs
88%
Timberwolves
88%
Trailblazers
88%
49ers
82%
Angels
82%
Astros
82%
Blues
82%
Braves
82%
Brewers
82%
Clippers
82%
Cubs
82%
Devils
82%
Dodgers
82%
Flyers
82%
Hornets
82%
Jaguars
82%
Pacers
82%
Phillies
82%
Pirates
82%
Raptors
82%
Red Wings
82%
Texans
82%
Thunder
82%
Tigers
82%
Titans
82%
Twins
82%
White Sox
82%
Wizards
82%
Athletics
76%
Avalanche
76%
Blackhawks
76%
Bucaneers
76%
Canadiens
76%
Chargers
76%
Coyotes
76%
Flames
76%
Guardians
76%
Lightning
76%
Marlins
76%
Orioles
76%
Rays
76%
Royals
76%
Senators
76%
Wild
76%
Canucks
71%
Cowboys
71%
Diamondbacks
71%
Golden Knights
71%
Kraken
71%
Magic
71%
Mariners
71%
Nationals
71%
Pistons
71%
Rockies
71%
Sharks
71%
Stars
71%
Yankees
71%
Blue Jackets
65%
Padres
65%
Sabres
65%
Steelers
65%
Ducks
59%
Falcons
59%
Predators
53%
Capitials
0%

Score Distribution

Percentile by Number Answered

Percent of People with Each Score

Your Score History

You have not taken this quiz